00637nam a22001577a 4500020001800000082001700018100002400035245014200059260003000201300001700231563000700248700005600255942001200311999001900323952013700342 a9781119786306 a621.042bPRI aPriyadarshi, Neeraj a Intelligent renewable energy systems :b integrating artificial intelligence techniques and optimization algorithms/cNeeraj Priyadarshi a Hoboken :bWiley,c2022. axvi, 450 p : aHB a Akash Kumar Bhoi, Sanjeevikumar Padmanaban9112465 2ddccBK c594819d594819 00102ddc406621_042000000000000_PRI709588552aSMMEbSMMEcGENd2023-05-19l0o621.042 PRIpSMME-4381r2023-05-19w2023-05-19yBK